Chargement en cours...

Aesthetic disinterestedness : art, experience, and the self/

Détails bibliographiques
Auteur principal: Thomas Hilgers
Format: Printed Book
Publié: New York: Routledge, 2017.
Collection:Routledge studies in contemporary philosophy
Sujets:
LEADER 00628nam a22001697a 4500
020 |a 9781138905009 
082 |a 111.85  |b THO/A 
100 |a Thomas Hilgers  |9 43908 
245 |a Aesthetic disinterestedness :  |b art, experience, and the self/  |c by Thomas Hilgers 
260 |a New York:  |b Routledge,  |c 2017. 
300 |a 190p. 
490 |a Routledge studies in contemporary philosophy 
650 |a Aesthetics Philosophy  |9 43909 
650 |a Philosophy  |9 43910 
942 |c BK 
999 |c 71228  |d 71228 
952 |0 0  |1 0  |4 0  |6 111_850000000000000_THO_A  |7 0  |9 91835  |a SSUS  |b SSUS  |c STACKS  |d 2018-04-25  |g 2086.00  |o 111.85 THO/A  |p 088958  |r 2018-04-25  |w 2018-04-25  |y BK